|
|
|
|
| LEADER |
00000nab a2200000 a 4500 |
| 001 |
vtls000599799 |
| 003 |
SK-MaSNL |
| 005 |
20260304094804.0 |
| 008 |
250425c1996 xo 0 slo |
| 015 |
|
|
|a SNBRB19rr/mm-uuuuu
|
| 035 |
|
|
|a CL0599938
|
| 035 |
|
|
|a urn:nbn:sk:snk-abbqa5
|
| 035 |
|
|
|a (urnnbn)urn:nbn:sk:snk:ar-002myj
|
| 035 |
|
|
|a (uuid)4b397362-eb53-4afa-a99f-1e519aeaa03d
|
| 040 |
|
|
|a SNKBUCL
|b slo
|c SNKBUCL
|e AACR2
|
| 041 |
0 |
|
|a slo
|
| 044 |
|
|
|a xo
|c SK
|
| 080 |
|
|
|a 730.071.1
|2 1981
|
| 080 |
|
|
|a 929 Kovačovský, Patrik
|2 1981
|
| 100 |
1 |
|
|a Rusinová, Zora,
|d 1950-
|4 aut
|9 104507
|
| 245 |
1 |
0 |
|a Patrik Kovačovský
|c Zora Rusinová
|
| 300 |
|
|
|b Obr. 1
|
| 600 |
1 |
7 |
|a Kovačovský, Patrik,
|d 1970-
|2 snkbucl
|9 114035
|
| 655 |
|
7 |
|a články z novín a časopisov
|2 snkbucl
|9 267496
|
| 773 |
0 |
|
|t Dotyky
|g Roč. 8, č. 6 (1996), s. 12
|
| 850 |
|
|
|a Slovenská národná knižnica
|
| 852 |
|
|
|a Slovenská národná knižnica
|
| 958 |
|
|
|a article15
|
| 958 |
|
|
|a BX
|
| 958 |
|
|
|a RK
|
| 958 |
|
|
|a SK
|
| 958 |
|
|
|a OND
|
| 958 |
|
|
|a EUIPO
|
| 992 |
|
|
|a RBX
|
| 999 |
|
|
|c 2828949
|d 2830879
|